Science Quiz

Random Science or Clickable Quiz

STEP 1 Embryology Quiz Stats

 Plays Quiz not verified by Sporcle

Challenge
Share
Tweet
Embed
Score 0/58 Timer 10:00
0 Plays Today
% Correct
2nd Pharyngeal arch
68.1%
Genital tubercle
62.3%
1st Pharyngeal arch
60.9%
CN VII
58%
1st Pharyngeal arch
56.5%
2nd Pharyngeal arch
55.1%
4th Pharyngeal arch
55.1%
CN V2, V3
55.1%
Nothing
53.6%
External auditory meatus
53.6%
3rd Pharyngeal pouch
53.6%
Genital tubercle
53.6%
Muscles of mastication
53.6%
Muscles of facial expression
53.6%
CN IX
53.6%
Internal + common carotid a.
52.2%
3rd Pharyngeal pouch
52.2%
3rd Aortic arch
52.2%
Recurrent branch of CN X
52.2%
Thalamus
50.7%
1st Aortic arch
50.7%
6th Aortic arch
50.7%
Midbrain
49.3%
1st Pharyngeal arch
49.3%
4th Aortic arch
49.3%
3rd Pharyngeal arch
47.8%
Intrinsic muscles of the larynx
47.8%
Medulla
46.4%
2nd Pharyngeal arch
46.4%
% Correct
6th Pharyngeal arch
46.4%
Labia majora
46.4%
Cerebrum
44.9%
6th Pharyngeal arch
44.9%
Cricothyroid m.
44.9%
Urogenital sinus
44.9%
Maxillary artery
43.5%
2nd Pharyngeal arch
43.5%
Coronary sinus
42%
Branchial cleft cyst
42%
Stylopharyngeus m.
42%
Branchial cleft cyst
40.6%
3rd Pharyngeal pouch
40.6%
Superior laryngeal branch of CN X
40.6%
Aortic arch
39.1%
Pulmonary arteries
39.1%
2nd Pharyngeal pouch
39.1%
Pharyngeal constrictors
39.1%
Branchial cleft cyst
37.7%
1st Pharyngeal pouch
37.7%
SVC and RA
36.2%
4th Pharyngeal arch
36.2%
Labia minora
36.2%
Stapedial + hyoid a.
34.8%
3rd Pharyngeal arch
34.8%
3rd Pharyngeal arch
33.3%
4th Pharyngeal arch
31.9%
1st Pharyngeal arch
30.4%
4th and 6th Pharyngeal arch
29%

You're not logged in!

Compare scores with friends on all Sporcle quizzes.
Join for Free
OR
Log In

You Might Also Like...

Show Comments

Extras

Created Jan 26, 2014ReportNominate
Tags:Clickable Quiz, step

Top Quizzes Today


Score Distribution

Your Account Isn't Verified!

In order to create a playlist on Sporcle, you need to verify the email address you used during registration. Go to your Sporcle Settings to finish the process.

Report this User

Report this user for behavior that violates our Community Guidelines.

Details: